| 000 | 00478nam a2200169Ia 4500 | ||
|---|---|---|---|
| 999 |
_c22355 _d22355 |
||
| 003 | OSt | ||
| 005 | 20200319141225.0 | ||
| 008 | 190216s9999||||xx |||||||||||||| ||und|| | ||
| 040 | _coclc | ||
| 082 |
_a297 _bBUS/I |
||
| 100 |
_aBushra, Abdul _92091 |
||
| 245 | 0 |
_aIslamic Quiz / _cAbdul Bushra |
|
| 260 |
_bPoomkavanam Books Publishers, _c1993. _aCalicut: |
||
| 300 | _a76p | ||
| 650 | _aIslamic History-Quiz | ||
| 942 |
_cBK _2ddc _h297 _iBUS/I _k297 _mBUS/I |
||